Ipswich Town FC Squad - 22/23 Season - Statistics

General Stats
  • This quiz has been taken 70 times
  • The average score is 24 of 36
Answer Stats
Position # Name % Correct
GK 1 Christian Walton
96%
MF 7 Wes Burns
94%
FW 10 Conor Chaplin
92%
FW 9 Freddie Ladapo
92%
DF 3 Leif Davis
92%
MF (©) 5 Sam Morsy
92%
FW 27 George Hirst
90%
DF 34 Harry Clarke
88%
DF 44 Janoi Donacien
86%
FW 19 Kayden Jackson
86%
DF 6 Luke Woolfenden
84%
DF 15 Cameron Burgess
82%
DF 12 Dominic Ball
82%
MF 8 Lee Evans
80%
FW 33 Nathan Broadhead
80%
DF 4 George Edmundson
78%
MF 11 Marcus Harness
76%
MF 25 Massimo Luongo
76%
MF 29 Kyle Edwards
71%
GK 31 Vaclav Hladky
71%
MF 30 Cameron Humphreys
69%
DF 21 Greg Leigh
59%
FW 23 Sone Aluko
59%
17 Ed Sheeran
53%
DF 24 Kane Vincent-Young
53%
FW 14 Tyreece John-Jules
53%
DF 2 Richard Keogh
51%
MF 28 Panutche Camara
43%
FW 18 Gassan Ahadme
41%
GK 32 Nick Hayes
41%
MF 22 Idris El Mizouni
37%
GK 13 Joel Coleman
37%
MF 16 Rekeem Harper
35%
DF 26 Corrie Ndaba
31%
DF 20 Matt Penney
31%
FW / Joe Piggott
24%
No matching quizzes found
Score Distribution
Percent of People with Each Score
Percentile by Number Answered
Your Score History
You have not taken this quiz